000 00687nam a2200241 i 4500
001 16143
003 ES-MaACL
005 20250111062526.0
007 t|
008 000705s1998 sp ||||0| spa j
020 _a84-339-1077-9
040 _aM-BN
_bspa
_cM-BN
080 _a821.134.2-32"19"
100 1 _aPuértolas, Soledad.
_994193
245 1 0 _aGente que vino a mi boda /
_cSoledad Puértolas.
250 _a4ª ed.
260 _aBarcelona :
_bAnagrama,
_c[1998]
300 _a247 p. ;
_c22 cm.
490 1 _aNarrativas hispánicas ;
_v247
830 0 0 _aNarrativas hispánicas (Anagrama)
_v247
_9178124
852 _aES-MaACL
_jL-23437
_bR.128359
999 _c16143
_d16143